000 00493nam a2200181Ia 4500
005 20250326125756.0
008 250326s9999 xx 000 0 und d
037 _aTextbook
040 _aFMSL
_beng
_cFMSL
041 _aeng
_2eng
084 _aS4(X8:8) N5
_qFMSL
100 _aSchein E H
245 0 _aOrganisational psychology
_cSchein E H
260 _aNew Jersey
_bNew Jersey, P H India
_c1965
300 _a118p
942 _cTB
_hS4(X8:8) N5
999 _c1279517
_d1279517